000 00678nam a22002177a 4500
003 UA-OsUOA
001 133418
007 ta
008 20181022b un ||||| |||| 00| 0 ukr d
100 _aСнігова О. Ю.
090 _a330(477)
_bС53
942 _cSA
040 _aUA-OsUOA
_bukr
_cUA-OsUOA
_dUA-OsUOA
245 _aРозкриття потенціалу смарт-спеціалізації для подолання регіональної структурної інертності в Україні
300 _aС.75-88
955 _a0
041 _aukr
080 _a330(477)
773 0 _w133413
650 7 _a330 Економіка взагалі
_2UDC
999 _c422115
_d422115